Countries with Missing Consonants #3 - Statistics

General Stats
  • This quiz has been taken 1,711 times
    862 since last reset
  • The average score is 11 of 20
Answer Stats
Clue Country % Correct
I _ _ O _ E _ I A Indonesia
95%
E _ I _ _ E A Eritrea
92%
_ A _ E _ O O _ Cameroon
81%
_ _ U _ E I Brunei
76%
A _ _ O _ _ A Andorra
70%
_ U _ A _ U Tuvalu
70%
_ E _ _ I U _ Belgium
57%
_ _ A I _ Spain
57%
_ O _ A _ O Monaco
52%
_ E _ I _ O Mexico
51%
_ A I _ A _ Taiwan
51%
_ U _ A I _ Kuwait
50%
_ O _ O _ _ O Morocco
47%
_ I _ E _ Niger
42%
_ A _ _ A Malta
37%
_ I _ _ A _ O _ E Singapore
36%
_ A _ A _ A _ Bahamas
35%
_ _ O _ E _ I A Slovenia
34%
_ _ E _ A _ A Grenada
30%
_ O _ I _ I _ A Dominica
20%
No matching quizzes found
Score Distribution
Percent of People with Each Score
Percentile by Number Answered
Your Score History
You have not taken this quiz since the last reset